000 00510cam a22001457a 4500
008 180718b1968 xxu||||| |||| 00| 0 eng d
082 _aT253106x54 In2 SG
245 _aReport of the study group on productivity and incentives
_cby National Commission On Labour
260 _aDelhi
_bManager Of Publications
_c1968
300 _a81p
500 _aChairman: P.B. Gajendradkar
650 _aLabour Productivity- India
700 _aIndia. National Commission On Labour
700 _aGajendragadkar, P.B.(chairman)
999 _c494337
_d494337